Clic Quel pays de l'UE a ce point culminant ? - Statistiques

Statistiques générales
  • Ce quiz a été pris 31 fois
  • Le résultat moyen est 12 sur 27
Statistiques - réponses
Hint Extra Hint Explanation Réponse % Correct
Mont Blanc 4805 m Haute-Savoie France
93%
Mont Olympe 2917 m Piérie et Larissa Grèce
93%
Mont Blanc de Courmayeur 4748 m Val d'Aoste Italie
75%
Grossglockner 3798 m Carinthie Autriche
68%
Ponta do Pico 2351 m Açores Portugal
68%
Zugspitze 2962 m Bavière Allemagne
61%
Pic Moldoveanu 2544 m Judets de Brasov et d'Arges Roumanie
61%
Signal de Botrange 694 m Province de Liège Belgique
50%
Mont Olympe 1951 m Chypre
50%
Kékes 1014 m Comitat de Heves Hongrie
50%
Yding Skovhøj 173 m Jutland Danemark
46%
Mulhacen 3481 m Andalousie Espagne
39%
Mont Halti 1328 m Laponie Finlande
39%
Carrauntuohil 1041 m Comté de Kerry Irlande
39%
Triglav 2564 m Slovénie
39%
Aukstojas 294 m Lituanie
36%
Kneiff 560 m Troisvierges Luxembourg
36%
Dinara 1830 m Croatie
32%
Ta' Dmejrek 253 m Malte Malte
32%
Gaizinkalns 312 m Lettonie
25%
Vaalserberg 323 m Limbourg Pays-Bas
25%
Mont Mousala 2925 m Sofia Bulgarie
21%
Suur Munamagi 318 m Estonie
21%
Kebnekaise 2111 m Norrbotten Suède
21%
Mont Rysey 2499 m Petite-*** Pologne
18%
Gerlachovský štít 2655 m Région de Presov Slovaquie
14%
Sniejka 1602 m Région de Hradec Králové Tchéquie
14%
Aucun quiz correspondant
Distribution des résultats
% des personnes avec chaque résultat
Percentile par nombre de réponses
Votre historique - résultats
Vous n’avez pas pris ce quiz